LEADER 01209nam1-22003851i-450- 001 990000153860403321 005 20080512142425.0 010 $a88-371-0817-6 035 $a000015386 035 $aFED01000015386 035 $a(Aleph)000015386FED01 035 $a000015386 100 $a20020821d1996----km-y0itay50------ba 101 0 $aita 102 $aIT 105 $ay-------001yy 200 1 $aAcque potabili 210 $aBologna$cPitagora$d1996 215 $av.$d27 cm 225 1 $aQuaderni di tecniche di protezione ambientale$v54 300 $aIn testa al front.: Organizzazione Mondiale della Sanità Ginevra 463 \1$1001990000183680503321$12001 $aComposti organoalogenati nelle acque potabili$easpetti sanitari, normativa e controllo 463 \1$1001990000183690503321$12001 $aLinee guida per la qualità dell'acqua potabile$eraccomandazioni 610 0 $aAcque potabili 610 0 $aAcqua$aMicrobiologia 676 $a628.16 702 1$aAttias,$bLeonello 702 1$aBottoni,$bPaola 702 1$aCaprioli,$bAlfredo 702 1$aFunari,$bEnzo 801 0$aIT$bUNINA$gRICA$2UNIMARC 901 $aBK 912 $a990000153860403321 959 $aFINBC 997 $aUNINA LEADER 03161nam 2200769Ia 450 001 9910783674803321 005 20231206225426.0 010 $a0-19-773332-8 010 $a0-19-029296-2 010 $a9786610502295 010 $a1-280-50229-0 010 $a1-4237-2642-1 010 $a1-282-36740-4 010 $a9786612367403 010 $a0-19-803528-4 010 $a1-4237-4041-6 035 $a(CKB)1000000000245578 035 $a(DLC)2009464297 035 $a(StDuBDS)AH24085780 035 $a(SSID)ssj0000153049 035 $a(PQKBManifestationID)11162513 035 $a(PQKBTitleCode)TC0000153049 035 $a(PQKBWorkID)10393189 035 $a(PQKB)10674215 035 $a(SSID)ssj0000153048 035 $a(PQKBManifestationID)12003362 035 $a(PQKBTitleCode)TC0000153048 035 $a(PQKBWorkID)10339794 035 $a(PQKB)11335849 035 $a(Au-PeEL)EBL271446 035 $a(CaPaEBR)ebr10103661 035 $a(CaONFJC)MIL236740 035 $a(OCoLC)437173126 035 $a(Au-PeEL)EBL2012812 035 $a(OCoLC)559951782 035 $a(Au-PeEL)EBL5121574 035 $a(CaONFJC)MIL50229 035 $a(OCoLC)1027190568 035 $a(MiAaPQ)EBC271446 035 $a(EXLCZ)991000000000245578 100 $a20020213d2003 uy 0 101 0 $aeng 135 $aur||||||||||| 181 $ctxt 182 $cc 183 $acr 200 10$aFaith in nation$b[electronic resource] $eexclusionary origins of nationalism /$fAnthony W. Marx 210 $aNew York $cOxford University Press$d2003 215 $a1 online resource (288 p.) 300 $aOriginally published: 2003. 311 $a0-19-515482-7 311 $a0-19-518259-6 320 $aIncludes bibliographical references (p. 239-249) and index. 327 $a1. History and Arguments -- 2. Amassing State and Gathering Storm -- 3. Founding Exclusions -- 4. Interregnums of Coexistence and State-Building -- 5. Cohesion by Exclusion, Redux from Above -- 6. Superimposing Democratic Inclusion on Forgotten Exclusions -- 7. Angel of History and Patron Saint of Nationalism. 330 1 $a"In a startling departure from a historical consensus that has dominated views of nationalism for the past quarter century, Marx argues that European nationalism emerged ... in the early modern era, as a form of mass political engagement based on religious conflict, intolerance, and exclusion. Challenging the self-congratulatory genealogy of civic Western nationalism, Marx shows how state-builders attempted to create a sense of national solidarity to support their burgeoning authority. Key to this process was the transfer of power from local to central rulers; the most suitable vehicle for effecting this transfer was religion and fanatical passions." 606 $aNationalism$xPhilosophy 607 $aEurope$xReligion 615 0$aNationalism$xPhilosophy. 676 $a320.54/094 700 $aMarx$b Anthony W$0658744 801 0$bMiAaPQ 801 1$bMiAaPQ 801 2$bMiAaPQ 906 $aBOOK 912 $a9910783674803321 996 $aFaith in nation$91672850 997 $aUNINA LEADER 01534nas 2200481- 450 001 9910514180003321 005 20210114041829.7 011 $a1348-8678 035 $a(DE-599)ZDB2681571-0 035 $a(OCoLC)858690878 035 $a(CKB)2670000000417090 035 $a(CONSER)--2013273320 035 $a(EXLCZ)992670000000417090 100 $a20130920a19989999 s-- a 101 0 $aeng 135 $aur||||||||||| 181 $ctxt$2rdacontent 182 $cc$2rdamedia 183 $acr$2rdacarrier 200 10$aAsian Englishes 210 1$a[Tokyo, Japan] :$c[ALC Press],$d1998- 210 31$a[Abingdon, Oxfordshire, United Kingdom] :$cRoutledge, Taylor & Francis 215 $a1 online resource 300 $aInternational journal of the sociolinguistics of English in Asia/Pacific. 311 $a2331-2548 531 0 $aAsian Engl. 606 $aEnglish language$zSoutheast Asia$vPeriodicals 606 $aEnglish language$xDialects$zSoutheast Asia$vPeriodicals 606 $aEnglish language$2fast$3(OCoLC)fst00910920 606 $aEnglish language$xDialects$2fast$3(OCoLC)fst00911083 607 $aSoutheast Asia$2fast 608 $aPeriodicals.$2fast 610 $aEnglish Language 615 0$aEnglish language 615 0$aEnglish language$xDialects 615 7$aEnglish language. 615 7$aEnglish language$xDialects. 676 $a428 712 02$aTaylor & Francis, 906 $aJOURNAL 912 $a9910514180003321 996 $aAsian Englishes$92091473 997 $aUNINA